000 00799cam a22002771 4500
001 6158
003 BD-RjUL
005 20211208234209.0
008 140109s1962 nyu b 000 0 eng
035 _a(BD-RjUL)6197
035 _a(OCoLC)332886
040 _aDLC
_cONowdM
_dOCoLC
_dDLC
_dBD-RjUL
_beng
041 1 _aengfre
082 0 0 _a241
_bRIC 1962
100 1 _aRiquet, Michel.
_919379
245 1 0 _aChristian charity in action :
_cMichel Riquet.
_bfrom the begining to St Vincent de Paul /
260 _aLondon :
_bBurns & Oates,
_c1962.
300 _a176 p. ;
_c19 cm.
490 0 _aFaith and Fact Books
_v104
504 _aIncludes bibliography.
650 0 _aCharity.
_919380
650 0 _aChristian giving.
_919381
942 _2ddc
_cBK
999 _c6158
_d6158